Russko-rumynskie i sovetsko-rumynskie otnoshenii︠a︡. : Sbornik stateĭ i soobshcheniĭ /

Bibliographic Details
Corporate Author: Akademii︠a︡ de Shtiint︠s︡e a RSSM. Institut istorii
Other Authors: Grosul, V. I︠A︡. (Vladislav I︠A︡kimovich) (Editor)
Format: Book
Language:Russian
Published: Kishinev : "Karti︠a︡ moldoveni︠a︡skė,", 1969.
Subjects:

MARC

Tag First Indicator Second Indicator Subfields
LEADER 00000cam a2200000I 4500
001 in00001805723
005 20151025185058.0
008 770207s1969 mv b 000 0 rus
010 |a  74483043  
035 |a (OCoLC)ocm02724783 
040 |a DLC  |c TJC  |d TXA  |d UtOrBLW 
049 |a TXAM 
050 0 0 |a DK67.5.R7  |b R8 
245 0 0 |a Russko-rumynskie i sovetsko-rumynskie otnoshenii︠a︡. :  |b Sbornik stateĭ i soobshcheniĭ /  |c [Redkollegii︠a︡: V. I︠A︡. Grosul i dr.]. 
264 1 |a Kishinev :  |b "Karti︠a︡ moldoveni︠a︡skė,",  |c 1969. 
300 |a 262 pages ;  |c 20 cm. 
336 |a text  |b txt  |2 rdacontent 
337 |a unmediated  |b n  |2 rdamedia 
338 |a volume  |b nc  |2 rdacarrier 
500 |a At head of title: Akademii︠a︡ nauk Moldavskoĭ SSR. Institut istorii. 
504 |a Includes bibliograohical references. 
651 0 |a Soviet Union  |x Foreign relations  |z Romania. 
651 0 |a Romania  |x Foreign relations  |z Soviet Union. 
700 1 |a Grosul, V. I︠A︡.  |q (Vladislav I︠A︡kimovich),  |e editor. 
710 2 |a Akademii︠a︡ de Shtiint︠s︡e a RSSM.  |b Institut istorii. 
948 |a cataloged  |b h  |c 2003/12/12  |d c  |e tchubaryan  |f 10:03:30 am 
994 |a E0  |b TXA 
999 |a MARS 
999 f f |s d053c741-611f-3239-bca2-bb98c6365f3f  |i 425875d1-7e3a-3385-a891-a55ba6cf697f  |t 0 
952 f f |p ric  |a Texas A&M University  |b Rellis Campus  |c Joint Library Facility  |d Remote Storage  |t 0  |e DK67.5.R7 R8 1969  |h Library of Congress classification  |i unmediated -- volume  |m A14830784047 
998 f f |a DK67.5.R7 R8 1969  |t 0  |l Remote Storage